| 000 | 00381nam a2200145Ia 4500 | ||
|---|---|---|---|
| 008 | 151213s9999 xx 000 0 und d | ||
| 100 | _aE. Oliver | ||
| 245 |
_aA studies in American Literature _cE. Oliver |
||
| 260 |
_aNew Delhi _bEuradsia Publishing House _c1905 |
||
| 300 | _a4648 p. | ||
| 650 | _aEnglish | ||
| 650 | _aEnglish Literature | ||
| 700 | _aE. Oliver | ||
| 999 |
_c2995 _d2995 |
||